Restauración ecológica : (Registro nro. 7840)
[ vista simple ]
| 000 -CABECERA | |
|---|---|
| Campo de control | 00902nam a22002297a 4500 |
| 005 - FECHA Y HORA DE LA ULTIMA TRANSACCION | |
| Campo de control | 20160316152254.0 |
| 008 - ELEMENTOS DE LONGITUD FIJA—INFORMACION GENERAL | |
| Campo de control | 131118b2010 ck ||||| |||| 00| 0 spa d |
| 020 ## - ISBN | |
| ISBN | 9789588343266 |
| 040 ## - FUENTE DE CATALOGACIÓN | |
| Agencia catalogadora original | CO-BoIAVH |
| Agencia transcriptora | CO-BoIAVH |
| 041 ## - IDIOMA | |
| Código de idioma para texto/pista de sonido o título separado | Español |
| 044 ## - PAÍS DE PUBLICACIÓN | |
| País de publicación | Colombia |
| 082 ## - NUMERO DE CLASIFICACION DECIMAL DEWEY | |
| Número de clasificación | 581.98 |
| Número del ítem | R43r |
| 245 ## - MENCION DE TITULO | |
| Título | Restauración ecológica : |
| Parte restante del título | una experiencia de capacitación en el Páramo de Chiles |
| 260 ## - PUBLICACION, DISTRIBUCION, ETC. (PIE DE IMPRENTA) | |
| Lugar de publicación, distribución, etc. | Bogotá |
| Nombre del editor, distribuidor, etc. | Instituto de Investigación de Recursos Biológicos Alexander von Humboldt |
| -- | Corporación Autónoma de Nariño Corponariño |
| Fecha de publicación, distribución, etc. | 2010 |
| 300 ## - DESCRIPCION FISICA | |
| Extensión | 34 p. |
| Otros detalles físicos | il., fogografías (col) |
| Dimensiones | 19 cm. |
| 500 ## - NOTA GENERAL | |
| Nota general | Cartilla divulgativa Proyecto Páramo Andino |
| 650 ## - ASIENTO SECUNDARIO DE MATERIA - TERMINO TEMATICO | |
| Término temático o nombre geográfico como elemento de entrada | Restauración ecológica |
| Subdivisión general | capacitación |
| 9 (RLIN) | 64177 |
| 650 ## - ASIENTO SECUNDARIO DE MATERIA - TERMINO TEMATICO | |
| Término temático o nombre geográfico como elemento de entrada | Botánica |
| Subdivisión geográfica | Colombia |
| 9 (RLIN) | 64178 |
| 650 ## - ASIENTO SECUNDARIO DE MATERIA - TERMINO TEMATICO | |
| Término temático o nombre geográfico como elemento de entrada | Biodiversidad |
| Subdivisión geográfica | Colombia |
| 9 (RLIN) | 64179 |
| 662 ## - ASIENTO SECUNDARIO DE MATERIA - JERARQUIA DEL NOMBRE DE LUGAR( | |
| País o entidad mayor | Colombia |
| Jurisdicción política de primer orden | Nariño |
| Jurisdicción política intermedia | Chiles (Páramo) |
| Ciudad | Municipio de Cumbal |
| 942 ## - ELEMENTOS ADICIONALES (KOHA) | |
| Sistema de clasificación | Dewey Decimal Classification |
| Tipo de ítem | Impreso |
| Koha issues (borrowed), all copies | 2 |
| Withdrawn status | Lost status | Sistema de Clasificación | Damaged status | No para préstamo | Colección | Inventariado | Ubicación Permanente | Ubicación actual | Fecha de adquisición | Fuente de Valor | Valor | Total Checkouts | Total Renewals | Número topográfico | Inventario / Código de Barras | Date last seen | Date checked out | Ejemplar | Price effective from | Forma de adquisición | Tipo de material |
|---|---|---|---|---|---|---|---|---|---|---|---|---|---|---|---|---|---|---|---|---|---|
| Dewey Decimal Classification | Humboldt | Inventariado 2017 | Bogotá | Bogotá | 18/11/2013 | Instituto | 39000.00 | 2 | 1 | IAVH-581.98 R43r | 059503 | 13/04/2015 | 12/03/2015 | Ej. 1 | 18/11/2013 | Institucional | Libro | ||||
| Dewey Decimal Classification | Humboldt | Bogotá | Bogotá | 24/12/2019 | IAVH-581.98 R43r | 029308 | 24/12/2019 | Ej.3 | 24/12/2019 | Institucional | Libro | ||||||||||
| Dewey Decimal Classification | Humboldt | Inventariado 2017 | Sala Fabio Quevedo | Sala Fabio Quevedo | 16/03/2016 | Instituto | 39000.00 | IAVH-581.98 R43r | 030049 | 16/03/2016 | Ej. 2 | 16/03/2016 | Institucional | Libro |